Entry Personal Name
Number of records used in: 1
001 - CONTROL NUMBER
003 - CONTROL NUMBER IDENTIFIER
005 - DATE AND TIME OF LATEST TRANSACTION
- control field:
20200130095728.0
008 - FIXED-LENGTH DATA ELEMENTS
- fixed length control field:
110413n| azannaabn |n aaa
010 ## - LIBRARY OF CONGRESS CONTROL NUMBER
- LC control number:
nb2011010297
035 ## - SYSTEM CONTROL NUMBER
- System control number:
(Uk)008111725
040 ## - CATALOGING SOURCE
- Original cataloging agency:
Uk
- Language of cataloging:
eng
- Description conventions:
rda
- Transcribing agency:
Uk
- Modifying agency:
DLC
100 1# - HEADING--PERSONAL NAME
- Personal name:
Menipaz, Amit
670 ## - SOURCE DATA FOUND
- Source citation:
International business, 2011:
- Information found:
t.p. (Amit Menipaz)
670 ## - SOURCE DATA FOUND
- Source citation:
International business, 2018:
- Information found:
eCIP t.p. (Amit Menipaz) data view screen (Vice President, Structured Data, ebay)